Loading...
| Philosophy | 0 | 3 | 0 | 2 | 30 | 31 | 80.67 | 0 | 2 | 8.86 | 22.22 |
| Science - Physics | 0 | 3 | 0 | 1 | 30 | 46 | 67.00 | 0 | 2 | 11.01 | 16.67 |
| Fine Arts - Classical Music | 0 | 3 | 0 | 1 | 30 | 92 | 101.33 | 0 | 0 | 3.46 | 7.78 |
| History - World | 0 | 3 | 1 | 1 | 25 | 101 | 105.67 | 0 | 0 | 1.23 | 4.44 |
| Geography | 0 | 2 | 0 | 0 | 20 | 101 | 102.50 | 0 | 0 | 0.38 | 8.89 |
| Mythology | 0 | 1 | 0 | 0 | 10 | 50 | 50.00 | 1 | 1 | 5.41 | 10.00 |
| Religion | 0 | 1 | 0 | 0 | 10 | 77 | 77.00 | 0 | 0 | 3.58 | 5.56 |
| Science - Biology | 0 | 1 | 0 | 0 | 10 | 63 | 63.00 | 0 | 0 | 4.47 | 4.44 |
| Science - Chemistry | 0 | 1 | 0 | 0 | 10 | 42 | 42.00 | 0 | 1 | 5.62 | 7.78 |
| Literature - British | 0 | 1 | 0 | 1 | 10 | 107 | 107.00 | 0 | 0 | 0.61 | 1.11 |
| Social Science | 0 | 1 | 0 | 0 | 10 | 55 | 55.00 | 1 | 1 | 7.08 | 14.29 |
| History - American | 0 | 1 | 0 | 0 | 10 | 87 | 87.00 | 0 | 0 | 2.02 | 4.44 |
| History - European | 0 | 1 | 0 | 1 | 10 | 107 | 107.00 | 0 | 0 | 0.00 | 1.11 |
| History - Other | 0 | 1 | 0 | 1 | 10 | 110 | 110.00 | 0 | 0 | 0.00 | 1.11 |
| Science - Other | 0 | 1 | 1 | 0 | 5 | 38 | 38.00 | 1 | 1 | 7.12 | 10.00 |
| Literature - European | 0 | 0 | 1 | 0 | -5 | 0.00 | 0 | 0 | 0.00 | 0.00 | |
| Current Events | 0 | 0 | 1 | 0 | -5 | 0.00 | 0 | 0 | 0.00 | 0.00 |